• 首页
  • 本馆介绍
  • 公告通知
  • 最新文献
  • 馆藏检索
  • 电子资源
  • 读者导购
  • 参考咨询
  • 我的图书馆
  • 登录
  • 详细信息显示
  • 放入我的书架
  • 预约/预借图书
  • 作者相关作品
  • 分类相关作品
  • 丛书相关作品
  • 出版社相关作品

书目信息

  • 表格格式
  • 工作单格式
  • 卡片格式
题名:
基础同伦轮(英)
    
 
作者: George W.Whitehead 著
分册:  
出版信息: 北京   世界图书出版公司  1978
页数: 744页
开本: 20cm
丛书名:
单 册:
中图分类: O189.23
科图分类:
主题词: 几何 , 拓扑
电子资源:
ISBN: 7-5062-0091-0
000 00550nam0 2200193 450
001 0732828906
005 20070903090708.90
010    @a7-5062-0091-0@d¥35.50
100    @a20070903d km y0chiy0120 ea
101 0  @achi
200 1  @a基础同伦轮(英)@Aji chu tong lun lun(ying)@fGeorge W.Whitehead著@FGeorge W.Whitehead zhu
210    @a北京@c世界图书出版公司@d1978
215    @a744页@d20cm
606 0  @a几何
606 0  @a拓扑
690    @aO189.23@v3
701  0 @aGeorge W.Whitehead@4著
801  0 @aCN@bPFT@c20070903
905    @a213230@dO189.23@eS12@f1
    
    基础同伦轮(英)/George W.Whitehead著.-北京:世界图书出版公司,1978
    744页;20cm
    
    
    ISBN 7-5062-0091-0:¥35.50
    
●
相关链接 在E读中查询图书 在五车中查询图书 在当当中查询图书 在豆瓣中查询图书


正题名:基础同伦轮(英)     索取号:O189.23/S12         预约/预借

序号 登录号 条形码 馆藏地/架位号 状态 备注
1 6704311   267043111   密集书库-数信学院/ [索取号:O189.23/S12] 在馆    
唐山师范学院图书馆 欢迎您!
大连网信软件有限公司© 版权所有